| 000 | 00926nac a22002657a 4500 | ||
|---|---|---|---|
| 001 | BR9301563 | ||
| 003 | BR-BrBNA | ||
| 005 | 20240105121442.0 | ||
| 008 | 230509b bl.|||m| |||| 00| 0 por d | ||
| 040 |
_aBR-BrBNA _bpor _cBiblioteca Nacional de Agricultura |
||
| 072 | _aH10 | ||
| 090 | _a4020 BR9301563 | ||
| 100 | 1 | _aCampanhola, C. | |
| 110 | 1 |
_aCentro Nacional de Pesquisa de Defesa da Agricultura, Jaguariuna, SP (Brasil) _91762 |
|
| 245 | 1 | _aResistencia de insetos a inseticidas: importancia, caracteristica e manejo | |
| 260 | 3 |
_aJaguariuna, SP (Brasil): _c1990. |
|
| 300 | _a45 p. | ||
| 490 |
_aDocumentos - Centro Nacional de Pesquisa de Defesa da Agricultura (Brazil) _vno. 11 _xISSN 0102-7816 |
||
| 500 | _aBibliography p. 29-45 (130 ref.) | ||
| 650 | _aInseto | ||
| 650 | _aInseticida | ||
| 650 | _aResistencia a Pesticida | ||
| 909 |
_a202312 _bLúcia Elande _c55 _dLúcia Elande |
||
| 942 |
_2AGRIS _n0 _cMS |
||
| 999 |
_c285398 _d285398 |
||